000 00613nam a2200181Ia 4500
005 20250508163519.0
008 008 250505s9999 xx 000 0 eng d
037 _aReference
040 _aFEDL
_beng
_cFEDL
041 _aeng
_2eng
084 _a375, NCE/RR
_qFEDL
245 0 _aNational curriculum for elementary and secondary education : A framework
245 0 _cNational Council of Educational Research and Training
260 _aNew Delhi, India
_bNational Council of Educational Research and Training
_c1988
300 _a55p.
942 _cREF
_h375, NCE/RR
999 _c1383826
_d1383826